| 000 | 00652nam a22002177a 4500 | ||
|---|---|---|---|
| 005 | 20170124105931.0 | ||
| 010 | _aA-835000 | ||
| 020 | _c00.00 | ||
| 037 | _bCen Lib/Ret | ||
| 040 |
_aDPL _bEN |
||
| 082 |
_a320.954 _bDAY |
||
| 100 |
_aDayal, John _98259 |
||
| 245 |
_aDelhi under emergency : _cby John Dayal [and] Ajoy Bose _bfor reasons of state / |
||
| 260 |
_aNew Delhi _bOrient Paperbacks _c1977 |
||
| 270 |
_a36 C, Connaught Place _bNew Delhi _e110032 |
||
| 300 |
_a217p. _c17cm(Hb) |
||
| 650 |
_aPolitical science _98260 |
||
| 650 |
_aDelhi (India) _98261 |
||
| 700 |
_aBose, Ajoy _98262 |
||
| 942 |
_2ddc _cEN _h320.954 _mDAY |
||
| 999 |
_c123849 _d123849 |
||